| 000 | 00887nam0a22002651 4500 | ||
|---|---|---|---|
| 001 | rc\2778086 | ||
| 005 | 20250806205357.0 | ||
| 035 | _a(NLR Aleph) 006904340 | ||
| 090 |
_a32036 _c32036 |
||
| 100 | _a20110915d1942 u y0rusy50 ca | ||
| 101 | 0 | _arus | |
| 102 | _aRU | ||
| 105 | _aa z ||||| | ||
| 200 | 1 | _aОрганизация грузовой коммерческой работы на железных дорогах | |
| 205 | _a2-е изд., испр. и доп. | ||
| 210 |
_aМосква _cТрансжелдориздат _d1942 |
||
| 215 |
_a500 с. _cил., черт. _d22 см. |
||
| 700 | 1 |
_aКулагин _bЕ.С. _gЕвгений Сергеевич |
|
| 801 | 0 |
_aRU _bNLR _gpsbo |
|
| 801 | 1 |
_aRU _bELAR _2rusmarc |
|
| 852 |
_aNLR _jТ88 Г-5/76 |
||
| 942 | _cBOOK | ||
| 945 | _aРоссийская национальная библиотека | ||
| 980 | _aNB | ||
| 980 | _aBV | ||